000 00329nam a2200109Ia 4500
008 171211s9999 xx 000 0 und d
245 _aDoubt, Atheism, and the Nineteenth-Century Russian Intelligentsia
245 _cVictoria Frede
260 _c2011
650 _xRELIGION
856 _uhttp://down.ebook777.com/064/0299284441.pdf
999 _c350543
_d350543